[Event "Lliga Catalana DH"]
[Site "?"]
[Date "2015.02.21"]
[Round "5.4"]
[White "Vidarte Morales, A."]
[Black "Cervello Tost, F."]
[Result "1-0"]
[WhiteElo "2444"]
[BlackElo "2318"]
[PlyCount "101"]
[EventDate "2015.??.??"]
[EventType "team"]

1. Nf3 d5 2. g3 e6 3. Bg2 Nf6 4. O-O Be7 5. d4 O-O 6. c4 b6 7. Nc3 Bb7 8. cxd5
exd5 9. Bf4 c5 10. Rc1 Ne4 11. Qa4 Nd7 12. Rfd1 Nxc3 13. Rxc3 a6 14. dxc5 Nxc5
15. Qc2 Bf6 16. Be5 Re8 17. Bd4 a5 18. e3 Rc8 19. Qf5 Rc6 20. Rdc1 g6 21. Qb1
Bc8 22. Bxf6 Rxf6 23. Nd4 Ba6 24. Rd1 Qd7 25. Nb3 Nxb3 26. axb3 Rd6 27. Rd4 Rc8
28. Qd1 Rd8 29. h4 Qb5 30. Qc2 Qe2 31. Qxe2 Bxe2 32. Rc2 Ba6 33. Rcd2 Bb7 34.
e4 Kf8 35. exd5 Rc8 36. b4 Rc1+ 37. Kh2 a4 38. b5 Rc5 39. Rxa4 Rxb5 40. Ra7
Bxd5 41. b4 h5 42. Rd4 Kg7 43. Bf1 Bc4 44. Rxc4 Rf5 45. Rc2 Rd1 46. Kg2 Rd4 47.
b5 g5 48. hxg5 h4 49. Rc4 Rd2 50. Rf4 Rxg5 51. Rxh4 1-0

[Event "Lliga Catalana DH"]
[Site "?"]
[Date "2015.02.21"]
[Round "5.5"]
[White "Ayza Leon, D."]
[Black "Vehi Bach, VM."]
[Result "1/2-1/2"]
[WhiteElo "2305"]
[BlackElo "2414"]
[PlyCount "25"]
[EventDate "2015.??.??"]
[EventType "team"]

1. b3 e5 2. Bb2 Nc6 3. e3 Nf6 4. Nf3 e4 5. Nd4 Nxd4 6. Bxd4 d5 7. d3 exd3 8.
Bxd3 Be7 9. O-O O-O 10. Nd2 c5 11. Bb2 b6 12. c4 Bb7 13. Qc2 1/2-1/2

[Event "Lliga Catalana DH"]
[Site "?"]
[Date "2015.02.21"]
[Round "5.6"]
[White "Gonzalez Rodriguez, RO."]
[Black "Capellades Subirana, M."]
[Result "0-1"]
[WhiteElo "2320"]
[BlackElo "2295"]
[PlyCount "84"]
[EventDate "2015.??.??"]
[EventType "team"]

1. d4 Nf6 2. c4 e6 3. Nf3 Bb4+ 4. Bd2 Be7 5. Bg5 Ne4 6. Bxe7 Qxe7 7. Nbd2 f5 8.
e3 O-O 9. Be2 b6 10. Qc2 Bb7 11. a3 a5 12. Bd3 Nxd2 13. Kxd2 d6 14. Rae1 e5 15.
e4 f4 16. h4 Bc8 17. Qc3 Nd7 18. Kc1 c5 19. d5 Nf6 20. Nd2 Bd7 21. Be2 Rfb8 22.
g3 b5 23. cxb5 fxg3 24. a4 gxf2 25. Ref1 Bg4 26. Rxf2 Bxe2 27. Rxe2 Nh5 28. Nc4
Rf8 29. b6 Qd7 30. b3 Qg4 31. Rhe1 Nf4 32. Rh2 Ng2 33. Ne3 Nxe3 34. Qxe3 Rf3
35. Qe2 Rb8 36. Rg2 Qf4+ 37. Kc2 Rxb6 38. Reg1 g6 39. Rg4 Rf2 40. Rxf4 Rxe2+
41. Kd3 exf4 42. Kxe2 Rxb3 0-1

[Event "Lliga Catalana DH"]
[Site "?"]
[Date "2015.02.21"]
[Round "5.7"]
[White "Serra Fontova, F."]
[Black "Fernandez Cazorla, A."]
[Result "0-1"]
[WhiteElo "2272"]
[BlackElo "2322"]
[PlyCount "102"]
[EventDate "2015.??.??"]
[EventType "team"]

1. Nf3 Nf6 2. c4 c6 3. g3 d5 4. b3 Bf5 5. Bg2 h6 6. O-O Nbd7 7. Bb2 e6 8. d3
Be7 9. Nbd2 O-O 10. Rc1 a5 11. a3 Re8 12. Re1 Bh7 13. d4 c5 14. a4 Qb6 15. Ne5
Rad8 16. Ndf3 Ne4 17. Nxd7 Rxd7 18. Ne5 Rdd8 19. e3 f6 20. Nd3 dxc4 21. bxc4
cxd4 22. Bxd4 Qa6 23. f4 Rc8 24. Nf2 Nxf2 25. Kxf2 Bb4 26. Rf1 Rc7 27. Qh5 Rec8
28. c5 Qd3 29. Rfd1 Qb3 30. Bh3 Be4 31. Bf1 Qxa4 32. Bc4 Qc6 33. f5 Bd5 34. Bd3
e5 35. Qe2 Qd7 36. Bxe5 fxe5 37. Be4 Bxe4 38. Rxd7 Rxd7 39. Qc4+ Bd5 40. Qg4
Rf7 41. Ke2 Rcf8 42. e4 Bc6 43. Qf3 Rd8 44. g4 Rd4 45. Qb3 Rxe4+ 46. Kf2 Rxg4
47. Qe6 Rf4+ 48. Ke3 R4xf5 49. Qc8+ Kh7 50. Rd1 Rf3+ 51. Ke2 Bb5+ 0-1

[Event "Lliga Catalana DH"]
[Site "?"]
[Date "2015.02.21"]
[Round "5.8"]
[White "Asensio Liñan, T."]
[Black "Garcia Ramos, D."]
[Result "1/2-1/2"]
[WhiteElo "2254"]
[BlackElo "2260"]
[PlyCount "82"]
[EventDate "2015.??.??"]
[EventType "team"]

1. Nf3 e6 2. e4 d5 3. e5 c5 4. c3 d4 5. cxd4 cxd4 6. Qa4+ Nc6 7. Bb5 Bd7 8.
Bxc6 Bxc6 9. Qxd4 Bxf3 10. Qxd8+ Rxd8 11. gxf3 Nh6 12. Nc3 Nf5 13. Kf1 Be7 14.
b3 O-O 15. Ne4 Rd5 16. Rg1 Rxe5 17. Bb2 Rd5 18. Rc1 Rfd8 19. Rc7 R5d7 20. Rc4
Kf8 21. Ke2 f6 22. Rgc1 Nd6 23. Nc5 Nxc4 24. Nxd7+ Rxd7 25. Rxc4 Kf7 26. a4 Bd8
27. Bd4 a6 28. Be3 Rc7 29. Rd4 Be7 30. Rh4 h6 31. Bb6 Rc6 32. Be3 Bd6 33. h3 e5
34. Rc4 Rxc4 35. bxc4 g5 36. Kd3 Ke6 37. c5 Be7 38. Kc4 f5 39. d4 exd4 40. Bxd4
h5 41. Be3 h4 1/2-1/2

[Event "Lliga Catalana DH"]
[Site "?"]
[Date "2015.02.21"]
[Round "5.9"]
[White "Povill Claros, X."]
[Black "Soler Rionegro, A."]
[Result "1-0"]
[WhiteElo "2201"]
[BlackElo "2058"]
[PlyCount "89"]
[EventDate "2015.??.??"]
[EventType "team"]

1. d4 Nf6 2. c4 e6 3. Nc3 d5 4. cxd5 exd5 5. Bg5 c6 6. e3 h6 7. Bh4 Be7 8. Qc2
Be6 9. Bd3 Nh5 10. Bxe7 Qxe7 11. Nf3 Nd7 12. O-O O-O 13. Rab1 Rac8 14. Rfc1
Nhf6 15. b4 Ne8 16. Na4 Nd6 17. Nc5 Nf6 18. Ne5 Nd7 19. f4 Nxe5 20. dxe5 Ne8
21. Qc3 b6 22. Nb3 g6 23. Rb2 Ng7 24. Ba6 Rc7 25. a3 Bc8 26. Bb5 Ne6 27. Be2
Ng7 28. Rbc2 Bf5 29. Bd3 Rfc8 30. h3 h5 31. Rd2 Be6 32. Ba6 Rd8 33. Nd4 Bd7 34.
Nb5 Ne6 35. Nxc7 Nxc7 36. Bb7 Nb5 37. Qb2 Qe8 38. a4 Nc7 39. Qc3 d4 40. Rxd4
Nd5 41. Qd2 Rb8 42. Ba6 Be6 43. Bc4 b5 44. axb5 Rd8 45. e4 1-0

[Event "Lliga Catalana DH"]
[Site "?"]
[Date "2015.02.21"]
[Round "5.10"]
[White "De la Fuente Clemente, C."]
[Black "Garcia de Blas, E."]
[Result "0-1"]
[WhiteElo "1998"]
[BlackElo "2123"]
[PlyCount "74"]
[EventDate "2015.??.??"]
[EventType "team"]

1. Nf3 e6 2. g3 f5 3. Bg2 Nf6 4. O-O Be7 5. d3 O-O 6. c4 d6 7. Nc3 Nc6 8. Qb3
Kh8 9. Bg5 Qe8 10. Rfe1 Qg6 11. Nb5 Bd8 12. Bd2 e5 13. Nh4 Qh5 14. f4 exf4 15.
Bxf4 g5 16. Bf3 Ng4 17. h3 gxf4 18. hxg4 fxg4 19. Be4 fxg3 20. Rf1 Rf2 21. Rxf2
gxf2+ 22. Kg2 Bxh4 23. Rh1 Bd7 24. Qc3+ Ne5 25. d4 Nc6 26. Bxc6 bxc6 27. d5+
Kg8 28. Nxc7 Rf8 29. e4 f1=Q+ 30. Rxf1 Rxf1 31. Kxf1 Qf7+ 32. Ke2 Qf2+ 33. Kd1
g3 34. dxc6 Bg4+ 35. Kc1 Bg5+ 36. Kb1 Qf1+ 37. Kc2 Qd1# 0-1

[Event "Lliga Catalana DH"]
[Site "?"]
[Date "2015.02.21"]
[Round "5.1"]
[White "Cruz Sanchez, J."]
[Black "Alsina Leal, D."]
[Result "0-1"]
[WhiteElo "2501"]
[BlackElo "2567"]
[PlyCount "92"]
[EventDate "2015.??.??"]
[EventType "team"]

1. c4 c5 2. Nf3 Nc6 3. Nc3 g6 4. g3 Bg7 5. Bg2 e6 6. O-O Nge7 7. d3 d5 8. Bf4
O-O 9. Qc1 d4 10. Na4 b6 11. a3 a5 12. Bh6 Bd7 13. b3 Rb8 14. Bxg7 Kxg7 15. e3
Qc7 16. Re1 Kg8 17. exd4 Nxd4 18. Nxd4 cxd4 19. Re4 Rfd8 20. Qg5 Bc6 21. Re5
Kg7 22. Qf4 Bxg2 23. Kxg2 b5 24. Rxb5 Qxf4 25. gxf4 Rxb5 26. cxb5 Rd5 27. b6
Rb5 28. Kf3 Rxb3 29. Ke4 Nd5 30. Kxd4 Nxb6 31. Nxb6 Rxb6 32. Rc1 Rb2 33. Ke3
Ra2 34. Rc3 h5 35. h3 Kf6 36. Kf3 a4 37. Ke3 Ke7 38. Rc7+ Ke8 39. Rc3 Kd7 40.
h4 Kd6 41. f3 Kd5 42. f5 gxf5 43. Kf4 f6 44. Ke3 e5 45. f4 e4 46. d4 Ke6 0-1

[Event "Lliga Catalana DH"]
[Site "?"]
[Date "2015.02.21"]
[Round "5.2"]
[White "Vila Gazquez, X."]
[Black "Cruz Estrada, F."]
[Result "1-0"]
[WhiteElo "2512"]
[BlackElo "2462"]
[PlyCount "127"]
[EventDate "2015.??.??"]
[EventType "team"]

1. d4 Nf6 2. Nf3 e6 3. e3 c5 4. Bd3 b6 5. O-O Bb7 6. Nbd2 Be7 7. b3 O-O 8. Bb2
d6 9. Qe2 Nbd7 10. c4 Re8 11. Rac1 Rc8 12. Bb1 Rc7 13. e4 cxd4 14. Nxd4 a6 15.
f4 e5 16. Nf5 Bf8 17. Qf3 b5 18. Rfd1 g6 19. Ne3 exf4 20. Qxf4 Ne5 21. Bd4 Rc8
22. cxb5 Rxc1 23. Rxc1 axb5 24. Qf1 b4 25. Qb5 Qa8 26. Rc7 Re7 27. Rxe7 Bxe7
28. Qxb4 Nc6 29. Qc3 Nxd4 30. Qxd4 Qc8 31. Qc4 Qa8 32. Kh1 d5 33. Nxd5 Nxd5 34.
exd5 Bg5 35. Nf3 Bxd5 36. Qe2 Qc6 37. Bd3 Bf6 38. Bc4 Be4 39. a4 g5 40. Nd2 Bf5
41. a5 g4 42. Qf2 Qd7 43. a6 Bd4 44. Qf4 Ba7 45. Qg5+ Kf8 46. Qh6+ Kg8 47. Qg5+
Bg6 48. Qd5 Qe7 49. Nf1 Kg7 50. Qd1 h5 51. Bd5 h4 52. Nd2 Qe5 53. Nc4 Qf4 54.
Qe1 Kg8 55. Ne5 Bh5 56. Nc6 Bf2 57. Qf1 Qd2 58. Be4 Qa2 59. b4 g3 60. b5 Be2
61. Qc1 Kf8 62. Qh6+ Ke8 63. Qh8+ Kd7 64. Qd8+ 1-0

[Event "Lliga Catalana DH"]
[Site "?"]
[Date "2015.02.21"]
[Round "5.3"]
[White "Escuder Vilaltella, J."]
[Black "Pardo Simon, D."]
[Result "0-1"]
[WhiteElo "2396"]
[BlackElo "2474"]
[PlyCount "84"]
[EventDate "2015.??.??"]
[EventType "team"]

1. e4 d6 2. d4 g6 3. Nc3 Bg7 4. f4 a6 5. Nf3 b5 6. a4 b4 7. Nb1 Bb7 8. Bd3 Nd7
9. c3 c5 10. Qe2 e6 11. Nbd2 Ne7 12. Nc4 Nb6 13. Na5 Bc8 14. Be3 bxc3 15. bxc3
Nbd5 16. exd5 Qxa5 17. dxe6 cxd4 18. exf7+ Kf8 19. Bd2 dxc3 20. Be3 Bf5 21. O-O
Bxd3 22. Qxd3 Qd5 23. Rad1 Qxd3 24. Rxd3 Nf5 25. Bc1 h5 26. Ng5 Bf6 27. Ne4
Bd4+ 28. Kh1 h4 29. Ng5 Bf6 30. Ne4 Kxf7 31. Nxf6 Kxf6 32. Rxc3 Rhc8 33. Rd3
Rc4 34. g4 hxg3 35. hxg3 Rc2 36. Kg1 Re8 37. Bd2 Nxg3 38. Rd1 Ne4 39. Bb4 Kf5
40. Bxd6 Kg4 41. Be5 g5 42. Re3 Nd2 0-1

[Event "Lliga Catalana DH"]
[Site "?"]
[Date "2015.02.21"]
[Round "5.4"]
[White "Alexandrova, O."]
[Black "Rivero Ojeda, C."]
[Result "1-0"]
[WhiteElo "2438"]
[BlackElo "2346"]
[PlyCount "73"]
[EventDate "2015.??.??"]
[EventType "team"]

1. d4 c5 2. d5 e5 3. e4 d6 4. Nc3 g6 5. Be2 Bg7 6. h4 h5 7. Nf3 a6 8. a4 Nd7 9.
a5 Nh6 10. Nd2 b5 11. axb6 Nxb6 12. Nc4 Nxc4 13. Bxc4 O-O 14. Qe2 Kh7 15. Bd2
a5 16. b3 Bf6 17. g3 Bg4 18. f3 Bd7 19. Bb5 Bc8 20. Bc6 Ra6 21. Na4 Bg7 22. g4
hxg4 23. fxg4 Ra7 24. g5 Ng4 25. h5 gxh5 26. Rxh5+ Kg6 27. Rh4 Rh8 28. Rxg4
Rh1+ 29. Kf2 Rxa1 30. Rh4 Qh8 31. Rxh8 Bxh8 32. Kg2 f5 33. Be8+ Kg7 34. Qh5 Kg8
35. g6 Bg7 36. Bf7+ Kf8 37. Qh7 1-0

[Event "Lliga Catalana DH"]
[Site "?"]
[Date "2015.02.21"]
[Round "5.5"]
[White "Gonzalez Garcia, M."]
[Black "Aloma Vidal, R."]
[Result "0-1"]
[WhiteElo "2331"]
[BlackElo "2482"]
[PlyCount "80"]
[EventDate "2015.??.??"]
[EventType "team"]

1. d4 Nf6 2. c4 e6 3. Nf3 Bb4+ 4. Bd2 Qe7 5. g3 Nc6 6. Nc3 d5 7. Bg2 O-O 8. a3
Bxc3 9. Bxc3 Ne4 10. Nd2 Nxd2 11. Qxd2 Rd8 12. cxd5 exd5 13. O-O Bf5 14. b3 a6
15. e3 h5 16. f3 Rd7 17. Rfe1 Bg6 18. Qb2 Re8 19. e4 dxe4 20. fxe4 h4 21. e5
hxg3 22. hxg3 Qg5 23. Qf2 Red8 24. Rad1 Ne7 25. Qf4 Qxf4 26. gxf4 Nd5 27. Bxd5
Rxd5 28. b4 Re8 29. Kf2 Re6 30. Rc1 Bf5 31. Rh1 Rc6 32. Rh5 g6 33. Rhh1 Rc4 34.
Rhd1 Kf8 35. Rd2 Ke7 36. Kg3 Ke6 37. Rb2 b6 38. Rd2 c5 39. bxc5 bxc5 40. dxc5
Rxc3+ 0-1

[Event "Lliga Catalana DH"]
[Site "?"]
[Date "2015.02.21"]
[Round "5.6"]
[White "Martin Gonzalez, A."]
[Black "Boix Moreno, D."]
[Result "1-0"]
[WhiteElo "2463"]
[BlackElo "2320"]
[PlyCount "133"]
[EventDate "2015.??.??"]
[EventType "team"]

1. e4 c5 2. Nf3 Nc6 3. d4 cxd4 4. Nxd4 Nf6 5. Nc3 e5 6. Ndb5 d6 7. a4 a6 8. Na3
Bg4 9. f3 Be6 10. Nc4 Be7 11. Be3 Bxc4 12. Bxc4 O-O 13. O-O Rc8 14. Nd5 Nxd5
15. Bxd5 Bg5 16. Bf2 Qc7 17. c3 Rfd8 18. Qd3 Rd7 19. Rfd1 g6 20. Qc4 Qd8 21.
Qb3 Qf6 22. Rd3 Kg7 23. Rad1 h5 24. Qa3 Qd8 25. b4 Ne7 26. Bb3 Qc7 27. a5 Nc6
28. Bb6 Qb8 29. Qb2 Rf8 30. Bd5 Na7 31. Bb3 Nc6 32. Ba4 Rc8 33. c4 Bd8 34. c5
Be7 35. Qd2 Rh8 36. cxd6 Bd8 37. Bc5 Bf6 38. Qb2 Rc8 39. Qb3 Bd8 40. Qd5 Bf6
41. Qa2 Bg5 42. Qb2 Bf6 43. Qd2 Bd8 44. Rd5 Bf6 45. Bb6 Bd8 46. Be3 b5 47. axb6
Bxb6 48. Bc5 a5 49. Qf2 Bd8 50. b5 Nd4 51. Bxd4 exd4 52. Qxd4+ Kh7 53. Kh1 Bb6
54. Qf6 Rc4 55. Bb3 Rb4 56. Bc2 Qc8 57. Bb1 Bd8 58. Qe5 Rc4 59. h3 Bb6 60. Qg5
Bd8 61. Qd2 Kg7 62. Qb2+ Kg8 63. e5 Rb4 64. Qe2 Qc3 65. e6 Rb2 66. Qe4 f5 67.
Qd3 1-0

[Event "Lliga Catalana DH"]
[Site "?"]
[Date "2015.02.21"]
[Round "5.7"]
[White "Leiro Giralt, D."]
[Black "Arias Boo, G."]
[Result "1/2-1/2"]
[WhiteElo "2304"]
[BlackElo "2389"]
[PlyCount "56"]
[EventDate "2015.??.??"]
[EventType "team"]

1. e4 e5 2. Nf3 Nc6 3. Bc4 Bc5 4. O-O Nf6 5. d4 exd4 6. e5 d5 7. exf6 dxc4 8.
fxg7 Rg8 9. Bg5 Qd5 10. Nc3 Qf5 11. Ne4 Be7 12. Bxe7 Qxe4 13. Re1 Qd5 14. Bf6+
Be6 15. Ng5 Rxg7 16. Rxe6+ fxe6 17. Qh5+ Rg6 18. Re1 Nd8 19. Re5 Qd7 20. Nxh7
Qf7 21. Bh4 Nc6 22. Ng5 Rxg5 23. Rxe6+ Kf8 24. Qh8+ Qg8 25. Qf6+ Qf7 26. Qh8+
Qg8 27. Qf6+ Qf7 28. Qh8+ Qg8 1/2-1/2

[Event "Lliga Catalana DH"]
[Site "?"]
[Date "2015.02.21"]
[Round "5.8"]
[White "Mestre Bellido, H."]
[Black "Gallart Zafra, J."]
[Result "0-1"]
[WhiteElo "2348"]
[BlackElo "2299"]
[PlyCount "74"]
[EventDate "2015.??.??"]
[EventType "team"]

1. Nf3 g6 2. e4 Bg7 3. d4 c5 4. c3 cxd4 5. cxd4 d5 6. e5 Nh6 7. Qb3 O-O 8. Nc3
Nc6 9. Bf4 Kh8 10. Rd1 Bg4 11. Qxb7 Bxf3 12. gxf3 Rc8 13. Bb5 Rc7 14. Qa6 Nb8
15. Qa5 e6 16. h4 Nf5 17. h5 Kg8 18. Ke2 Rb7 19. Qxd8 Rxd8 20. hxg6 fxg6 21.
Rd2 Rc8 22. Ba4 Rb4 23. Be3 Rxc3 24. bxc3 Rxa4 25. Rb1 Nd7 26. Rb7 Nb6 27. Rb8+
Bf8 28. Rb2 Kf7 29. Rb7+ Kg8 30. Bg5 h5 31. Kd3 Ra3 32. f4 h4 33. f3 Na4 34.
Rc2 a5 35. Rb3 Kf7 36. c4 dxc4+ 37. Rxc4 Nb2+ 0-1

[Event "Lliga Catalana DH"]
[Site "?"]
[Date "2015.02.21"]
[Round "5.9"]
[White "Prat Llables, J."]
[Black "Ibañez Tarradellas, E."]
[Result "0-1"]
[WhiteElo "2294"]
[BlackElo "2364"]
[PlyCount "40"]
[EventDate "2015.??.??"]
[EventType "team"]

1. e4 d5 2. exd5 Qxd5 3. Nc3 Qa5 4. d4 Nf6 5. Nf3 Bf5 6. Bc4 e6 7. Bd2 c6 8.
Nd5 Qd8 9. Nxf6+ gxf6 10. Bb3 Bd6 11. Qe2 Qe7 12. O-O-O Nd7 13. Rhe1 O-O-O 14.
d5 cxd5 15. Nd4 Bg6 16. Bxd5 Nb6 17. Bf3 Kb8 18. Nb5 Be5 19. Ba5 Rc8 20. c3
Bf4+ 0-1

[Event "Lliga Catalana DH"]
[Site "?"]
[Date "2015.02.21"]
[Round "5.10"]
[White "Luna Cortes, L."]
[Black "Clopes Llahi, J."]
[Result "1-0"]
[WhiteElo "2309"]
[BlackElo "2253"]
[PlyCount "69"]
[EventDate "2015.??.??"]
[EventType "team"]

1. e4 c6 2. Nc3 d5 3. Nf3 Bg4 4. h3 Bxf3 5. Qxf3 e6 6. d3 Nf6 7. Be2 d4 8. Nb1
c5 9. Qg3 Nc6 10. O-O Nd7 11. Nd2 Qe7 12. a4 f6 13. a5 Qf7 14. Nc4 Nde5 15.
Nxe5 Nxe5 16. f4 Nc6 17. a6 b6 18. Qh4 Be7 19. f5 exf5 20. exf5 Ne5 21. Bh5 g6
22. Bxg6 Nxg6 23. fxg6 Qxg6 24. Bh6 Rg8 25. Rf2 Bf8 26. Bd2 Bd6 27. Qxf6 Qxf6
28. Rxf6 O-O-O 29. Re1 Rg3 30. Ree6 Rdg8 31. Re2 Bc7 32. Ref2 R3g7 33. Rf8+ Bd8
34. Rxg8 Rxg8 35. Rf7 1-0

[Event "Lliga Catalana DH"]
[Site "?"]
[Date "2015.02.28"]
[Round "6.1"]
[White "Beltran Rueda, S."]
[Black "Lopez Martinez, JM."]
[Result "1/2-1/2"]
[WhiteElo "2459"]
[BlackElo "2571"]
[PlyCount "127"]
[EventDate "2015.??.??"]
[EventType "team"]

1. Nf3 d5 2. g3 g6 3. Bg2 Bg7 4. c4 c6 5. cxd5 cxd5 6. d4 Nc6 7. Nc3 e6 8. O-O
Nge7 9. b3 O-O 10. Bb2 b6 11. Qd2 Bb7 12. Rfc1 Rc8 13. e3 Qd7 14. Ne2 Rfd8 15.
Nf4 Nf5 16. Nd3 f6 17. Bh3 Nd6 18. Nf4 Re8 19. Qd1 Ne4 20. Nd2 f5 21. Bf1 Nd6
22. Nf3 Nf7 23. h4 Bf6 24. Nd3 Be7 25. a3 Bd6 26. Bc3 Qe7 27. b4 h6 28. b5 Na5
29. Bxa5 bxa5 30. a4 g5 31. Rxc8 Rxc8 32. Rc1 Rxc1 33. Qxc1 Qc7 34. Qxc7 Bxc7
35. Nc5 Bc8 36. Be2 Kg7 37. hxg5 hxg5 38. g4 fxg4 39. Nh2 g3 40. fxg3 Bxg3 41.
Bg4 Kf6 42. e4 Bxh2+ 43. Kxh2 dxe4 44. Nxe4+ Ke7 45. Nc5 Nd6 46. Nb3 Bb7 47.
Nxa5 Bd5 48. Nc6+ Bxc6 49. bxc6 Ne8 50. Kg3 Kd6 51. Bf3 Ng7 52. Be4 Nh5+ 53.
Kh3 a5 54. Bf3 Nf6 55. Kg3 Ke7 56. Kh3 Ke8 57. Kg3 Kd8 58. Kh3 Ke7 59. Kg3 Kd6
60. Bg2 Kc7 61. Bf3 Kd8 62. Kh3 Ke8 63. Kg3 Ke7 64. Kh3 1/2-1/2

[Event "Lliga Catalana DH"]
[Site "?"]
[Date "2015.02.28"]
[Round "6.2"]
[White "Alonso Rosell, A."]
[Black "Lacasa Diaz, JA."]
[Result "1-0"]
[WhiteElo "2578"]
[BlackElo "2426"]
[PlyCount "61"]
[EventDate "2015.??.??"]
[EventType "team"]

1. Nf3 Nf6 2. g3 g6 3. Bg2 Bg7 4. c4 O-O 5. Nc3 d6 6. d4 Nc6 7. O-O a6 8. d5
Na5 9. Nd2 c5 10. Rb1 b5 11. b3 Nd7 12. Qc2 bxc4 13. bxc4 Nb6 14. Nd1 Bd7 15.
Bb2 Bxb2 16. Nxb2 Qc7 17. Qc3 Na4 18. Nxa4 Bxa4 19. e4 Bd7 20. f4 Rab8 21. e5
Bf5 22. Rxb8 Rxb8 23. exd6 exd6 24. g4 Bxg4 25. Ne4 Bf5 26. Nf6+ Kf8 27. Nxh7+
Kg8 28. Nf6+ Kf8 29. Be4 Bxe4 30. Nxe4 Re8 31. Re1 1-0

[Event "Lliga Catalana DH"]
[Site "?"]
[Date "2015.02.28"]
[Round "6.3"]
[White "Fernandez Aguado, E."]
[Black "Perpinya Rofes, LM."]
[Result "1-0"]
[WhiteElo "2388"]
[BlackElo "2443"]
[PlyCount "73"]
[EventDate "2015.??.??"]
[EventType "team"]

1. e4 c5 2. Nf3 Nc6 3. d4 cxd4 4. Nxd4 e6 5. Nb5 Nf6 6. N1c3 Bc5 7. Nd6+ Ke7 8.
Nxc8+ Rxc8 9. Bd3 a6 10. O-O Qc7 11. Bg5 Bd4 12. Kh1 h6 13. Bd2 g5 14. f4 gxf4
15. Bxf4 Be5 16. Qd2 Rcg8 17. Rae1 Kd8 18. Nd5 exd5 19. Bxe5 Qxe5 20. exd5 Qxd5
21. Rxf6 Re8 22. Ref1 h5 23. Rxf7 Rhg8 24. Qf2 Kc8 25. Rf5 Ne5 26. Be2 Kb8 27.
Bxh5 Re7 28. b3 Reg7 29. Bf3 Qe6 30. Be4 d6 31. Rf6 Qe7 32. Qd4 Rg4 33. Qd5 Rh8
34. h3 Rgh4 35. Re6 Qd7 36. Bf5 R4h5 37. Rxe5 1-0

[Event "Lliga Catalana DH"]
[Site "?"]
[Date "2015.02.28"]
[Round "6.4"]
[White "Rojas Keim, LA."]
[Black "Ayas Fernandez, A."]
[Result "1-0"]
[WhiteElo "2468"]
[BlackElo "2341"]
[PlyCount "85"]
[EventDate "2015.??.??"]
[EventType "team"]

1. e4 c5 2. Nf3 e6 3. d3 d5 4. Nbd2 Nc6 5. g3 Bd6 6. Bg2 Nge7 7. O-O O-O 8. Nh4
Rb8 9. f4 f5 10. a4 a6 11. e5 Bc7 12. Nb3 Bb6 13. Kh1 c4 14. dxc4 dxc4 15. Nd2
Na5 16. Qe2 Qc7 17. b4 cxb3 18. cxb3 Bc5 19. Bb2 Nd5 20. Bxd5 exd5 21. Rac1 Qe7
22. e6 b6 23. Be5 Qxe6 24. Ndf3 d4 25. Qe1 Bd6 26. b4 Bxe5 27. Qxe5 Qxe5 28.
Nxe5 Nb3 29. Rcd1 Be6 30. Nhf3 Rbd8 31. Rd3 Rc8 32. Nxd4 Nxd4 33. Rxd4 Rfd8 34.
Rfd1 Rxd4 35. Rxd4 Bb3 36. b5 axb5 37. axb5 h6 38. Rd6 Rb8 39. Nc6 Rb7 40. Nd4
Bc4 41. Kg1 Bd3 42. Kf2 Kf7 43. Nc6 1-0

[Event "Lliga Catalana DH"]
[Site "?"]
[Date "2015.02.28"]
[Round "6.5"]
[White "Escobar Torres, A."]
[Black "Colon Garcia, E."]
[Result "0-1"]
[WhiteElo "2261"]
[BlackElo "2398"]
[PlyCount "52"]
[EventDate "2015.??.??"]
[EventType "team"]

1. e4 c5 2. Nf3 d6 3. Bb5+ Nc6 4. Bxc6+ bxc6 5. O-O Bg4 6. h3 Bh5 7. d3 Nf6 8.
c3 e6 9. Qa4 Bxf3 10. Qxc6+ Nd7 11. gxf3 Be7 12. f4 O-O 13. Nd2 f5 14. f3 Rf6
15. Nc4 Rc8 16. Qa4 Rh6 17. Kh2 Qe8 18. Qc2 Qh5 19. Qg2 Rg6 20. Qe2 Rf8 21. Be3
d5 22. Nd2 fxe4 23. dxe4 d4 24. cxd4 cxd4 25. Bxd4 Rxf4 26. Rg1 Qxh3+ 0-1

[Event "Lliga Catalana DH"]
[Site "?"]
[Date "2015.02.28"]
[Round "6.6"]
[White "Diaz Camallonga, C."]
[Black "Crespo Revilla, JM."]
[Result "1-0"]
[WhiteElo "2411"]
[BlackElo "2224"]
[PlyCount "81"]
[EventDate "2015.??.??"]
[EventType "team"]

1. e4 c5 2. Nf3 Nc6 3. Bb5 g6 4. Bxc6 dxc6 5. O-O Bg7 6. h3 Nf6 7. d3 O-O 8.
Nc3 h6 9. Re1 Be6 10. Be3 b6 11. Qd2 Kh7 12. a3 Qd7 13. Nh2 Rad8 14. f4 Ne8 15.
Rad1 Bd4 16. Nf3 Ng7 17. Qf2 Bxe3 18. Rxe3 Qc7 19. Qh4 f6 20. Ne2 Bf7 21. Re1
Nh5 22. f5 g5 23. Qf2 e5 24. fxe6 Bxe6 25. d4 cxd4 26. Nexd4 Nf4 27. Nf5 c5 28.
Kh1 Rf7 29. Ng3 Rfd7 30. e5 f5 31. h4 Kg6 32. hxg5 hxg5 33. Nh4+ gxh4 34. Qxf4
Rd4 35. Ne4 Rxe4 36. Rxe4 fxe4 37. Qf6+ Kh7 38. Rxe4 Rd1+ 39. Kh2 Qg7 40. Rxh4+
Kg8 41. Qxe6+ 1-0

[Event "Lliga Catalana DH"]
[Site "?"]
[Date "2015.02.28"]
[Round "6.7"]
[White "Maroto Borras, JL."]
[Black "Hernando Rodrigo, JM."]
[Result "0-1"]
[WhiteElo "2205"]
[BlackElo "2371"]
[PlyCount "72"]
[EventDate "2015.??.??"]
[EventType "team"]

1. d4 g6 2. g3 Bg7 3. Bg2 d6 4. Nf3 f5 5. O-O Nf6 6. c4 O-O 7. Nc3 Qe8 8. d5
Na6 9. Be3 c6 10. Rb1 Nc5 11. dxc6 bxc6 12. Bxc5 dxc5 13. Ne5 Ne4 14. f4 Bxe5
15. fxe5 Nxc3 16. bxc3 Be6 17. Qa4 Qf7 18. Qxc6 Rac8 19. Qxe6 Qxe6 20. Bd5 Rc6
21. Rb7 Kg7 22. Bxe6 Rxe6 23. Rxa7 Rxe5 24. Rd1 Rxe2 25. Rdd7 Kf6 26. Kf1 Rxh2
27. Rxe7 Rb8 28. Reb7 Rxb7 29. Rxb7 Rxa2 30. Rxh7 Ra4 31. Rd7 Rxc4 32. Rd3 Kg5
33. Ke2 Kg4 34. Kd2 Re4 35. Rd6 g5 36. Rd5 c4 0-1

[Event "Lliga Catalana DH"]
[Site "?"]
[Date "2015.02.28"]
[Round "6.8"]
[White "Tallo Dominguez, I."]
[Black "Almirall Botella, J."]
[Result "1-0"]
[WhiteElo "2340"]
[BlackElo "2178"]
[PlyCount "37"]
[EventDate "2015.??.??"]
[EventType "team"]

1. e4 c6 2. d4 d5 3. e5 c5 4. c4 cxd4 5. Qxd4 Nc6 6. Qxd5 Qxd5 7. cxd5 Nxe5 8.
Bf4 Ng6 9. Bg3 h5 10. h3 e6 11. Bb5+ Bd7 12. Bxd7+ Kxd7 13. dxe6+ Kxe6 14. Nf3
Bb4+ 15. Nbd2 f5 16. O-O-O f4 17. Rhe1+ Kf5 18. Nd4+ Kg5 19. Ne4+ 1-0

[Event "Lliga Catalana DH"]
[Site "?"]
[Date "2015.02.28"]
[Round "6.9"]
[White "Roca Diaz, MA."]
[Black "Garcia-Castany Musellas, G."]
[Result "0-1"]
[WhiteElo "2173"]
[BlackElo "2264"]
[PlyCount "62"]
[EventDate "2015.??.??"]
[EventType "team"]

1. d4 d5 2. Nf3 Nf6 3. g3 g6 4. c4 dxc4 5. Qa4+ c6 6. Qxc4 Bg7 7. Bg2 O-O 8.
O-O Na6 9. Nc3 h6 10. e4 Be6 11. Qe2 Qa5 12. Ne5 Rad8 13. Rd1 Nd7 14. Ng4 Bxg4
15. Qxg4 b5 16. e5 h5 17. Qe4 b4 18. Ne2 Nxe5 19. Bf4 Nc4 20. b3 Nd6 21. Qxc6
Rc8 22. Qf3 Rc2 23. Rd2 Rfc8 24. Rxc2 Rxc2 25. Qa8+ Kh7 26. Bxd6 exd6 27. Bf1
Nc7 28. Qd8 Qd5 29. Bg2 Qf5 30. Rf1 Ne6 31. Qxd6 Rxe2 0-1

[Event "Lliga Catalana DH"]
[Site "?"]
[Date "2015.02.28"]
[Round "6.10"]
[White "Jareño Badenas, A."]
[Black "Molina Wheatley, E."]
[Result "1-0"]
[WhiteElo "2196"]
[BlackElo "1930"]
[PlyCount "57"]
[EventDate "2015.??.??"]
[EventType "team"]

1. Nf3 d5 2. g3 Nf6 3. Bg2 Bf5 4. O-O e6 5. d3 Be7 6. Nbd2 c6 7. Qe1 Nbd7 8. e4
dxe4 9. dxe4 Bg6 10. Qe2 Qc7 11. Ne1 Bh5 12. f3 Bc5+ 13. Kh1 Ne5 14. Nc4 Nxc4
15. Qxc4 Qb6 16. Nd3 Nd7 17. Nxc5 Qxc5 18. Qb3 Qb6 19. Qc3 f6 20. Be3 Qb5 21.
a4 Qe5 22. Qb3 Nc5 23. Qc4 Nd7 24. Bf4 Qc5 25. Qxe6+ Qe7 26. Qxe7+ Kxe7 27.
Rad1 Rad8 28. Bd6+ Ke6 29. Bh3+ 1-0